000 00649nam a2200205Ii 4500
003 JO-AjNU
008 230606s9999||||xx |||||||||||||| ||und||
020 _a0-538-86265-3
040 _aJO-AjNU
_beng
_erda
_cJO-AjNU
041 _aeng
050 1 4 _aHF5635 . M864 1996
100 3 _aMorse, Wayne / Davis, James R / Hartgraves,Ai L,
_eauthor
_93361
245 0 0 _aManagement Accounting : A Strategic Apporach
264 3 1 _aUnited States of america: I T P ,1996
300 _a217P( CH 1-4)
336 _atext
_btxt
_2rdacontent
337 _aunmediated
_bn
_2rdamedia
338 _avolume
_bnc
_2rdacarrier
650 4 _aManagement Accounting
_93362
999 _aE1756
_c1756
_d1756